"C" Countries Ranked by Guesses - Statistics

General Stats
  • This quiz has been taken 31 times
  • The average score is 12 of 15
Answer Stats
% Answer % Correct
96 Canada
100%
95 China
100%
86 Chile
92%
74 Colombia
88%
78 Cuba
88%
56 Cambodia
84%
63 Czechia
80%
40 Cameroon
76%
64 Croatia
76%
50 Cyprus
76%
59 Chad
72%
23 Comoros
64%
29 Cape Verde
60%
54 Costa Rica
60%
42 Central African Republic
56%
No matching quizzes found
Score Distribution
Percent of People with Each Score
Percentile by Number Answered
Your Score History
You have not taken this quiz